<A> Müködötöke-transzfer szabályozásának egyes devizajogi kérdései. 2.

Právne úpravy pri dedení, resp. darovaní majetku v Maďarsku v spoločných podnikoch so zahraničným kapitálom. Podmienky presunu, resp. predaja podielu zahraničného akcionára a možnosti transferu kapitálu za hranice. Forintové účty a vyrovnávanie dovozu podielom na majetku maďarského podniku.

Enregistré dans:
Détails bibliographiques
Auteur principal: Bodnár, Zoltán, 1969-
Format: Chapitre de livre
Langue:hongrois
Sujets:
Tags: Ajouter un tag
Pas de tags, Soyez le premier à ajouter un tag!

MARC

LEADER 00000naa a2200000 4500
001 r005575
005 20221125111202.6
041 0 |a hun 
044 |a HU 
245 1 0 |a <A> Müködötöke-transzfer szabályozásának egyes devizajogi kérdései. 2.  |c Z. Bodnár 
520 |a Právne úpravy pri dedení, resp. darovaní majetku v Maďarsku v spoločných podnikoch so zahraničným kapitálom. Podmienky presunu, resp. predaja podielu zahraničného akcionára a možnosti transferu kapitálu za hranice. Forintové účty a vyrovnávanie dovozu podielom na majetku maďarského podniku. 
610 2 0 |a podnik spoločný 
610 2 0 |a kapitál zahraničný 
610 2 0 |a MR 
610 2 0 |a devízy 
610 2 0 |a právo finančné 
610 2 0 |a vývoz kapitálu 
100 1 |a Bodnár, Zoltán, 1969-